000 00350nam a2200157Ia 4500
005 20250322124904.0
008 240331s9999 xx 000 0 und d
082 _bREV
_a894
100 _aRevathi,K
245 0 _aMulaigal
250 _a2nd
260 _aChennai
_bPanikuddam Pathipapagam
_c2003
300 _a80 p .,
650 _apoems
942 _cL
999 _c4778
_d4778